<?xml version="1.0" encoding="UTF-8"?>
<record
    xmlns:xsi="http://www.w3.org/2001/XMLSchema-instance"
    xsi:schemaLocation="http://www.loc.gov/MARC21/slim http://www.loc.gov/standards/marcxml/schema/MARC21slim.xsd"
    xmlns="http://www.loc.gov/MARC21/slim">

  <leader>01319nam a22002057a 4500</leader>
  <controlfield tag="005">20260618090238.0</controlfield>
  <controlfield tag="008">260618b        |||||||| |||| 00| 0 spa d</controlfield>
  <datafield tag="020" ind1=" " ind2=" ">
    <subfield code="a">2522-3437</subfield>
  </datafield>
  <datafield tag="040" ind1=" " ind2=" ">
    <subfield code="a"> Instituto Dominicano de Evaluaci&#xF3;n e Investigaci&#xF3;n de la Calidad Educativa , IDEICE</subfield>
    <subfield code="c">IDEICE</subfield>
    <subfield code="e">RDA</subfield>
  </datafield>
  <datafield tag="082" ind1=" " ind2=" ">
    <subfield code="a">IDEICE 371.1 Ins59mi 2025</subfield>
  </datafield>
  <datafield tag="110" ind1=" " ind2=" ">
    <subfield code="a"> Instituto Dominicano de Evaluaci&#xF3;n e Investigaci&#xF3;n de la Calidad Educativa , IDEICE</subfield>
  </datafield>
  <datafield tag="245" ind1=" " ind2=" ">
    <subfield code="a">Memoria Institucional Ideice 2025</subfield>
    <subfield code="c">IDEICE</subfield>
  </datafield>
  <datafield tag="260" ind1=" " ind2=" ">
    <subfield code="a">Santo Domingo, Rep&#xFA;blica Dominicana </subfield>
    <subfield code="b">IDEICE</subfield>
    <subfield code="c">2026</subfield>
  </datafield>
  <datafield tag="300" ind1=" " ind2=" ">
    <subfield code="c">86p.</subfield>
  </datafield>
  <datafield tag="505" ind1=" " ind2=" ">
    <subfield code="a">Esta publicaci&#xF3;n presenta un balance de los principales logros alcanzados por el Instituto Dominicano de Evaluaci&#xF3;n e Investigaci&#xF3;n de la Calidad Educativa (Ideice) durante el a&#xF1;o 2025, destacando su contribuci&#xF3;n al fortalecimiento del sistema educativo preuniversitario dominicano mediante la producci&#xF3;n de evidencia cient&#xED;fica, la evaluaci&#xF3;n educativa y la divulgaci&#xF3;n del conocimiento.</subfield>
  </datafield>
  <datafield tag="650" ind1=" " ind2=" ">
    <subfield code="a">Calidad de la educaci&#xF3;n--Rep&#xFA;blica Dominicana, Educaci&#xF3;n -- Rep&#xFA;blica Dominicana, Evaluaci&#xF3;n--Rep&#xFA;blica Dominicana, Memoria e Informes, Investigaci&#xF3;n e.</subfield>
  </datafield>
  <datafield tag="710" ind1=" " ind2=" ">
    <subfield code="a">IDEICE</subfield>
  </datafield>
  <datafield tag="856" ind1=" " ind2=" ">
    <subfield code="u">https://ideice.gob.do/documentacion/publicaciones-id-230-memoria-institucional-ideice-2025</subfield>
  </datafield>
  <datafield tag="942" ind1=" " ind2=" ">
    <subfield code="2">ddc</subfield>
    <subfield code="c">LIB</subfield>
    <subfield code="n">0</subfield>
  </datafield>
  <datafield tag="999" ind1=" " ind2=" ">
    <subfield code="c">14663</subfield>
    <subfield code="d">14663</subfield>
  </datafield>
  <datafield tag="952" ind1=" " ind2=" ">
    <subfield code="0">0</subfield>
    <subfield code="1">0</subfield>
    <subfield code="2">ddc</subfield>
    <subfield code="4">0</subfield>
    <subfield code="7">0</subfield>
    <subfield code="a">RI</subfield>
    <subfield code="b">RI</subfield>
    <subfield code="d">2026-06-18</subfield>
    <subfield code="l">0</subfield>
    <subfield code="r">2026-06-18 09:02:29</subfield>
    <subfield code="u">https://ideice.gob.do/documentacion/publicaciones-id-230-memoria-institucional-ideice-2025</subfield>
    <subfield code="w">2026-06-18</subfield>
    <subfield code="y">LIB</subfield>
  </datafield>
</record>
